O sapo e o estranho (Registo nº 4236)
[ vista simples ]
| 000 -Etiqueta do registo | |
|---|---|
| Cabeçalho | 00752nam0a2200265 4500 |
| 005 - Identificador da versão | |
| Campo de controlo | 20240813122056.0 |
| 010 ## - Número internacional normalizado dos livros (ISBN) | |
| Número (ISBN) | 9722112279 |
| 021 ## - Número do Depósito Legal | |
| Código do país | PT |
| Número | 129462/98 |
| 100 ## - Dados gerais de processamento | |
| Dados gerais de processamento | 20170310d2005 cd y0pory5003 ba |
| 102 ## - Pais de publicação ou produção | |
| País de publicação | Portugal |
| 101 1# - Língua de publicação | |
| Língua do texto, banda sonora, etc. | Português |
| Língua do documento no original | Inglês |
| 215 ## - Descrição física | |
| Indicação específica da natureza do documento e extensão da espécie | [28] p. |
| Outras indicações físicas | il. color |
| 200 1# - Titulo e menção de responsabilidade | |
| Título próprio | O sapo e o estranho |
| Primeira menção de responsabilidade | Max Velthuijs |
| Outras menções de responsabilidade | trad. José Oliveira |
| 225 1# - Colecção | |
| Título próprio da colecção | Livros do arco-íris |
| 205 ## - Menção da edição | |
| Menção da edição | 3ª ed. |
| 210 ## - Publicação, Distribuição, etc. | |
| Lugar da edição, distribuição, etc. | Lisboa |
| Nome do editor, distribuidor, etc. | Caminho |
| Data da publicação, distribuição, etc. | [2005?] |
| Data da impressão | 2005 |
| 606 ## - Nome comum usado como assunto | |
| Número de registo de entrada de autoridade | 0001619 |
| Palavra de ordem | Literatura holandesa |
| Subdivisão de assunto | Conto |
| Código do sistema | CA |
| 675 ## - Classificação Decimal Universal (CDU) | |
| Notação | 821.112.5-34 |
| Edição | 3ª ed. |
| Língua da edição | por |
| 702 #1 - Nome de autor-pessoa física (responsabilidade secundária) | |
| Número de registo de entrada de autoridade | 0000082 |
| Palavra de ordem | Oliveira |
| Outra parte do nome não tomada para palavra de ordem | José |
| Código de função | Tradutor |
| 700 #1 - Nome de autor-pessoa física (responsabilidade principal) | |
| Número de registo de entrada de autoridade | 0001742 |
| Palavra de ordem | Velthuijs |
| Outra parte do nome não tomada para palavra de ordem | Max |
| Datas | 1923-2005 |
| 966 ## - Identificação da Biblioteca | |
| Sigla | EBVEN |
| 942 ## - Elementos de entrada adicionados (Koha) | |
| Tipo de item no Koha | Livro |
| Situação do levantamento | Origin of item (home branch) (coded) | Biblioteca de empréstimo | Código de barras | Cota | Circulation type (not for loan) | Tipo de documento | Nota do exemplar | Damaged status |
|---|---|---|---|---|---|---|---|---|
| Biblioteca Escolar das Vendas | Biblioteca Escolar das Vendas | BEV1759 | 8EST VEL | Livro | Sem mensagem |
